LEADER 00950nam0 2200289 450 001 000037896 005 20250424113851.0 010 $a88-8114-674-6 100 $a20250424d1998----km-y0itay50------ba 101 0 $aita 102 $aIT 105 $ay-------001yy 200 1 $aEconomia del software$fMario Raffa, Giuseppe Zollo 210 $aNapoli$cEdizioni Scientifiche Italiane$d1998 215 $a332 p.$d24 cm 225 2 $aIngegneria economico-gestionale$v2 410 0$12001$aIngegneria economico-gestionale 500 10$aEconomia del software$9120391 610 1 $aSoftware$aGestione$aEconomia 676 $a005.1068$v23$9ELABORAZIONE DEI DATI. PROGRAMMAZIONE.Gestione 700 1$aRaffa,$bMario$01676 701 1$aZollo,$bGiuseppe$02664 801 0$aIT$bUNIPARTHENOPE$c20250424$gREICAT$2UNIMARC 912 $a000037896 951 $aDISAE 515/50$b4165 ex St.Az.$cNAVA2 996 $aEconomia del software$9120391 997 $aUNIPARTHENOPE